[Event "401 Stay Safe Play From Home series"]
[Site "Emanuel Lasker Arena"]
[Date "2020.08.21"]
[Round "7"]
[White "Fat Kevin"]
[Black "Lazieri3"]
[Result "1-0"]
[WhiteElo "2013"]
[BlackElo "1971"]
[Annotator "TA"]
[PlyCount "61"]
[EventDate "2020.08.21"]
[EventType "swiss (blitz)"]

{[%evp 10,61,9,-24,16,-5,17,18,37,39,52,13,22,-48,-32,-106,0,-125,0,0,0,-48,-49,-62,-67,-142,-99,-129,-131,-117,-98,-185,154,29,42,-144,-131,-114,-27,-960,-947,-889,502,423,638,-29997,-29998,-29998,-29985,-29985,-29986,-29986,1022,968]} 1. d4 c6 2. c4 d5 3. Nc3 Nf6 4. cxd5 cxd5 5. Nf3 Nc6 6. Bg5 Bf5 {D13: Slav Defence: Exchange variation without ...Bf5.} 7. e3 e6 8. Bb5 Be7 {The position is equal.} 9. Ne5 Rc8 10. Qa4 {[%cal Rb5c6]} (10. g4 {keeps more tension.} Be4 11. f3 Bg6 12. h4 h6 13. Bf4) 10... Qb6 $1 {[#]} 11. Nxc6 $146 (11. O-O $11) ({Predecessor:} 11. O-O Rc7 12. Bf4 Rc8 13. Rac1 O-O 14. Nxc6 bxc6 15. Ba6 Rcd8 16. Ne2 c5 17. dxc5 Bxc5 {0-1 (42) Vohnout,P-Mourek,S Plzen 1995}) 11... bxc6 $15 12. Ba6 (12. Qa6 $15 O-O 13. Qxb6 axb6 14. Be2) 12... Rb8 (12... Qxb2 $17 13. O-O Bc2) 13. b3 (13. Bf4 $11 Rd8 14. O-O) 13... Bd6 (13... Bb4 $17 14. O-O Bxc3) 14. O-O O-O 15. Kh1 Qc7 {Threatens to win with ...Rb4.} 16. Bxf6 gxf6 17. h3 (17. Rac1 $15) 17... Kh8 18. Be2 Rg8 19. Rac1 Qe7 20. Qxc6 (20. Rg1 $17) 20... Rg7 $2 {[#]} (20... Rbc8 $19 21. Qa6 Ba3) 21. e4 (21. Nb5 $1 $16 Bb4 22. Qa6) 21... dxe4 22. d5 $2 (22. Nxe4 $14 {was forced to keep a grip.} Bf4 23. Rc4) 22... Rbg8 $40 {[%mdl 128] Black goes for the king.} 23. Rg1 {[#]} exd5 ({Better is} 23... e3 $1 $17 {[%mdl 512]} 24. fxe3 Bc5 25. dxe6 fxe6) 24. Nxd5 $2 {[%mdl 8192]} (24. Qxd5 $11 Bc8 25. Nxe4) 24... Qe5 $19 {[%csl Gd6][%cal Re5h2]} 25. g3 Rxg3 $4 {[%mdl 8192]} (25... e3 $19 {avoids the disaster.} 26. Nxe3 Be4+ {[%mdl 64] Double Attack} 27. Rg2 Bxc6 28. Rxc6 Bc5) 26. fxg3 Rxg3 (26... e3 $142 27. Bf3 Rc8) 27. Nxf6 $4 {[%mdl 8192]} ({Don't blunder} 27. Qa8+ $2 Bb8 $19) (27. Rxg3 $18 Qxg3 28. Qe8+ {[%mdl 64] Double Attack} Qg8 29. Qxg8+ Kxg8 30. Rc6) 27... Rxg1+ 28. Kxg1 Qh2+ 29. Kf1 Bxh3+ 30. Ke1 Bg3+ $4 {[%mdl 8192]} (30... Qg1+ 31. Kd2 Bf4+ {[%mdl 64] Skewer} 32. Kc3 Qxc1+ 33. Kd4 Qxc6 34. Nd5 Qd6 35. b4 Be5+ 36. Kxe4 f5+ 37. Kd3 Qxd5+ {[%mdl 64] Double Attack} 38. Kc2 Qxa2+ 39. Kd3 Qb3+ {[%mdl 64] Double Attack} 40. Kd2 Qc3+ 41. Kd1 Bf4 42. Bh5 Qd2#) 31. Kd1 {Never resign too early! Accuracy: White = 28%, Black = 42%.} 1-0

[Event "401 Stay Safe Play From Home series"]
[Site "Emanuel Lasker Arena"]
[Date "2020.08.21"]
[Round "7"]
[White "Ao017545"]
[Black "Trotsky"]
[Result "0-1"]
[WhiteElo "1649"]
[BlackElo "1592"]
[Annotator "NA RC"]
[PlyCount "64"]
[EventDate "2020.08.21"]
[EventType "swiss (blitz)"]

1. e4 {[%emt 0:00:02]} c5 {[%emt 0:00:01]} 2. Nf3 {[%emt 0:00:00]} e6 {[%emt 0:00:00]} 3. Bc4 {[%emt 0:00:00]} d5 {[%emt 0:00:00]} 4. exd5 {[%emt 0:00:01]} exd5 {[%emt 0:00:01]} 5. Be2 {[%emt 0:00:01]} Be6 {[%emt 0:00:01]} 6. O-O {[%emt 0:00:00]} Bd6 {[%emt 0:00:01]} 7. Re1 {[%emt 0:00:00]} Nc6 {[%emt 0:00:01]} 8. Bb5 {[%emt 0:00:01]} Qc7 {[%emt 0:00:01]} 9. Nc3 {[%emt 0:00:01]} O-O-O {[%emt 0:00:01]} 10. d4 {[%emt 0:00:04]} Nf6 {[%emt 0:00:01]} 11. dxc5 {[%emt 0:00:02]} Bxc5 {[%emt 0:00:01]} 12. Ne5 {[%emt 0:00:01]} Bd6 {[%emt 0:00:01]} 13. Bxc6 {[%emt 0:00:03]} bxc6 {[%emt 0:00:02]} 14. Nf3 {[%emt 0:00:05]} h5 {[%emt 0:00:01]} 15. Bg5 {[%emt 0:00:05]} Rdf8 {[%emt 0:00:02]} 16. Bh4 {[%emt 0:00:01]} Ng4 {[%emt 0:00:01]} 17. Bg3 {[%emt 0:00:01]} f5 {[%emt 0:00:07]} 18. Bxd6 {[%emt 0:00:02]} Qxd6 {[%emt 0:00:01]} 19. Nd4 {[%emt 0:00:02]} Qxh2+ {[%emt 0:00:02]} 20. Kf1 {[%emt 0:00:02]} Qh1+ {[%emt 0:00:00]} 21. Ke2 {[%emt 0:00:01]} Qxg2 {[%emt 0:00:01]} 22. Nxe6 {[%emt 0:00:01]} Re8 {[%emt 0:00:01]} 23. Kd3 {[%emt 0:00:02]} Nxf2+ {[%emt 0:00:02]} 24. Kd4 {[%emt 0:00:04]} Nxd1 {[%emt 0:00:01]} 25. Raxd1 {[%emt 0:00:02]} Re7 {[%emt 0:00:02]} 26. Na4 {[%emt 0:00:01]} Rhe8 {[%emt 0:00:01]} 27. Nac5 {[%emt 0:00:00]} Qf2+ {[%emt 0:00:02]} 28. Kc3 {[%emt 0:00:02]} Rxe6 {[%emt 0:00:02]} 29. Rxe6 {[%emt 0:00:03]} Qxc5+ {[%emt 0:00:01]} 30. Kb3 {[%emt 0:00:05]} a5 {[%emt 0:00:02]} 31. Rxe8+ {[%emt 0:00:01]} Kb7 {[%emt 0:00:01]} 32. Ree1 {[%emt 0:00:00]} Qb4# {[%emt 0:00:01] (Lag: Av=0.48s, max=0.9s) (Lag: Av=0.48s, max=0.9s) (Lag: Av=0.48s, max=0.9s)} 0-1

[Event "401 Stay Safe Play From Home series"]
[Site "Emanuel Lasker Arena"]
[Date "2020.08.21"]
[Round "8"]
[White "AChessPlayer"]
[Black "IceQueen"]
[Result "1/2-1/2"]
[WhiteElo "2446"]
[BlackElo "2416"]
[Annotator "TA"]
[PlyCount "125"]
[EventDate "2020.08.21"]
[EventType "swiss (blitz)"]

{[%evp 14,125,4,-11,6,0,20,0,0,0,16,14,10,18,18,-18,-12,-10,5,0,8,0,8,0,17,0,0,0,0,0,0,-6,0,-2,0,-74,-14,-104,0,0,0,0,75,0,8,0,0,3,24,0,0,0,0,0,45,0,57,0,223,39,220,0,7,0,0,0,0,-236,-227,-149,-165,-151,-197,-189,-181,-653,-629,-519,-294,-286,-268,-245,0,-859,0,0,0,0,0,0,0,0,0,0,0,0,0,0,0,0,0,0,0,0,0,0,0,0,0,0,0,0,0,0]} 1. Nf3 Nf6 2. g3 g6 3. Bg2 Bg7 4. O-O O-O 5. d3 c5 6. e4 Nc6 7. Nc3 d6 8. Bg5 Rb8 {B25: Closed Sicilian: 3 g3, lines without early Be3.} 9. a4 a6 10. Qd2 Re8 11. Bh6 Bh8 12. h3 b5 13. axb5 axb5 {[#]} 14. Rab1 $146 ({Predecessor:} 14. Ng5 Nd4 15. f4 b4 16. Nd1 b3 17. c3 Nc2 18. Rb1 e6 19. Nf2 Bb7 20. g4 {0-1 (38) Demidov,M (2511)-Moskalenko,A (2535) Moscow 2018}) 14... b4 15. Nd5 e6 16. Nxf6+ Bxf6 17. h4 d5 (17... Bd7 {seems wilder.} 18. c3 Qb6 19. Ra1 e5 20. h5 gxh5 21. Ng5 Bg7) 18. Bg5 (18. Nh2 {is more complex.} dxe4 19. Bxe4 Nd4 20. c3 Nf5 21. Bg5) 18... dxe4 19. dxe4 Qxd2 20. Nxd2 Bxg5 21. hxg5 Nd4 22. Nb3 Nxc2 23. Nxc5 Rb5 24. Nd3 (24. Nb3 $1 $11 e5 25. Rfc1) 24... Ba6 (24... Rxg5 $17 25. Rfd1 Ba6) 25. Rfc1 (25. f4 $11 {remains equal.}) 25... b3 (25... Rxg5 $17 26. Rd1 Ra5) 26. f4 $11 Rd8 27. Nf2 Rd2 (27... Rbb8 $11) 28. Bf1 (28. Rd1 $16 Rxd1+ 29. Rxd1) 28... Rb6 29. Bxa6 Rxa6 30. Rd1 Rad6 31. Rxd2 (31. e5 {looks sharper.} Rd8 32. Rxd2 Rxd2 33. Rd1 Rxd1+ 34. Nxd1 h6 35. Kf2) 31... Rxd2 32. Rd1 Rxd1+ $1 33. Nxd1 {[%mdl 4096] Endgame KN-KN} Kf8 34. Kf2 Ke7 (34... e5 $11) 35. Ke2 (35. e5 $14) 35... Kd6 $2 (35... f6 $11) 36. Kd3 $2 ({White should play} 36. Ne3 $18) 36... Kc5 $2 (36... e5 $1 $14) 37. Kc3 $2 (37. e5 $18) 37... Nd4 38. Nf2 Ne2+ 39. Kxb3 Nxg3 40. Kc3 $2 (40. Ka4 $11) 40... Ne2+ $19 {[%mdl 64] Double Attack} 41. Kd3 Nxf4+ 42. Ke3 e5 43. Ng4 Ne6 44. Nf6 $2 (44. Nxe5 Nxg5 45. Kf4 Ne6+ 46. Kf3) 44... Nxg5 45. Nd7+ Kb4 46. Nxe5 Kb3 47. Kf4 f6 $2 (47... Ne6+ $19 48. Ke3 Nd8) 48. Ng4 $2 {[%mdl 8192] [#]} (48. Nd7 $11) 48... h5 $2 ({Better is} 48... Nxe4 $1 $19 {[%mdl 512] White must now prevent ...h5.} 49. Nh6 (49. Kxe4 f5+) 49... f5) 49. Nxf6 $11 {The position is equal.} Ne6+ 50. Ke5 Nc5 51. Kd5 Nd3 52. e5 Kxb2 53. e6 Nf4+ 54. Ke5 Nxe6 55. Kxe6 {KN-KPP} h4 56. Ng4 Kc3 57. Kf6 h3 58. Nh2 Kd4 59. Kxg6 Ke3 60. Kh5 Kf2 61. Kh4 Kg2 62. Ng4 h2 {[#]} 63. Nxh2 $1 {[%mdl 512] White happily takes the draw. Accuracy: White = 67%, Black = 72%.} 1/2-1/2

[Event "401 Stay Safe Play From Home series"]
[Site "Emanuel Lasker Arena"]
[Date "2020.08.21"]
[Round "8"]
[White "MihailoVujic"]
[Black "Fat Kevin"]
[Result "0-1"]
[WhiteElo "2277"]
[BlackElo "2028"]
[Annotator "TA"]
[PlyCount "138"]
[EventDate "2020.08.21"]
[EventType "swiss (blitz)"]

{[%evp 9,138,14,40,35,79,81,109,81,87,90,114,85,141,139,140,83,132,137,156,63,72,19,19,17,37,30,66,31,33,0,146,155,147,153,155,0,0,-194,-44,-397,-396,-444,-444,-444,-444,-439,-408,-441,-439,-420,-422,-481,-481,-465,-462,-499,-494,-529,-528,-562,-575,-560,-561,-582,-579,-537,-496,-567,-538,-624,-618,-663,-637,-665,-659,-1058,-1109,-1251,-1231,-1174,-1140,-866,-576,-1093,-1062,-737,-730,-29999,-1243,-12834,-829,-828,-804,-1166,-713,-1216,-1071,-1008,-911,-889,0,-886,-480,-12843,-12843,-12849,-12844,-12850,-12845,-12845,-12842,-12841,12850,-12845,-379,-379,0,0,0,0,0,0,0,-29999,0,0,12841,0,12842,12843,12847]} 1. e4 c5 2. c3 Nf6 3. e5 Nd5 4. d4 e6 5. Nf3 d6 6. c4 {B22: Sicilian: 2 c3.} Nc7 7. dxc5 dxc5 {and if ...Qxd1+ works, Black does fine.} 8. Qxd8+ {White is better.} (8. Bd3 {is more complex.} Be7 9. O-O Nc6 10. Nc3 b6 11. Qe2) 8... Kxd8 9. Nc3 {[#]} Nd7 $146 ({Predecessor:} 9... b6 10. Bg5+ Be7 11. O-O-O+ Ke8 12. Ne4 Bxg5+ 13. Nfxg5 Ke7 14. Nd6 Nc6 15. f4 f6 {1-0 (49) Myall,I (2054)-Ewart,B (1889) Aberystwyth 2014}) 10. Bg5+ f6 (10... Be7 $142) 11. exf6 $16 gxf6 12. Be3 ({Better is} 12. Bh4) 12... Ke8 13. O-O-O Be7 14. Ne4 (14. Bd3 $16) 14... b6 $14 15. Nd6+ ({White should play} 15. Bd3 $16) 15... Bxd6 $1 $11 16. Rxd6 Ke7 17. Rd2 Rg8 18. g3 Bb7 19. Bg2 Ne5 (19... Rad8 $11) 20. Nxe5 $16 Bxg2 21. Rd7+ Ke8 22. Rxc7 $2 (22. Rg1 $1 $16 fxe5 23. Rxc7 (23. Rxh7 Bd5 $16)) 22... Bxh1 $11 23. Nd3 $2 {[#]} (23. Nf7 $11) 23... Kd8 ({Black should try} 23... Rf8 $1 $19 24. Nf4 e5) 24. Rxh7 $2 {[%mdl 8192]} ({Only move:} 24. Rf7 $15) 24... Be4 $1 $19 {[%csl LRd3,LRh7][%mdl 64] Double Attack} 25. Rh6 Bxd3 26. Rxf6 Ke7 27. Rh6 Kf7 28. Rh4 e5 29. Rh5 Ke6 30. f4 exf4 31. Bxf4 Bxc4 32. Re5+ Kf6 33. b3 Bb5 34. h4 Rae8 35. Rd5 Bc6 36. Rd6+ Re6 37. Rd2 Kf7 38. Bg5 Rge8 39. Rf2+ Kg6 40. Kd2 Kh5 41. Bf4 Kg4 42. h5 Bb5 43. h6 Re2+ 44. Rxe2 Rxe2+ 45. Kc3 Rh2 46. a4 Be8 47. Be3 Bg6 {[%csl Gg6][%cal Rh2c2]} 48. Bf4 Bh7 (48... Rc2# $142) 49. b4 Rh3 50. bxc5 bxc5 51. Kc4 Rh1 52. Kxc5 Ra1 53. Kb4 Rb1+ 54. Ka5 Ra1 $2 (54... Rb6 $19 55. Be3 Re6 56. Bxa7 Rxh6) 55. Be3 $2 {[%mdl 8192]} (55. Kb4 $11 Bc2 56. a5) 55... Ra2 56. Bxa7 (56. Bf4 $142) 56... Kxg3 57. Bc5 Kf3 58. Bf8 Rb2 59. Bg7 Rc2 60. Kb6 Rc5 $4 {[%mdl 8192]} (60... Kf4 $19 61. a5 Re2) 61. a5 $4 {[%mdl 8192]} (61. Kxc5 $18 Bd3 62. a5) 61... Rf5 $2 (61... Rd5 62. Bf8 Rd8) 62. a6 {[#] a7 is the strong threat.} Rg5 $2 (62... Rd5 $1 $19 {aiming for ...Rd6+.} 63. a7 Rd8) 63. a7 $11 Rg6+ 64. Kb7 Rg5 65. Kb8 Rb5+ 66. Ka8 $2 {[%mdl 8192]} (66. Kc7 $11 Ra5 67. Kb8) 66... Ra5 $2 (66... Be4# {mates}) 67. Kb7 Rb5+ $2 {[%mdl 8192]} (67... Bb1 $11) 68. Kc8 $2 (68. Ka6 $18 Bd3 69. a8=Q+ Kf4 70. Be5+ {[%mdl 64] Deflection} (70. Qa7 Rb3+ 71. Ka5 Ra3+ 72. Kb6 Rxa7 $11) 70... Rxe5+ 71. Kb6) 68... Rb4 $2 {[%mdl 8192]} (68... Bf5+ $11 69. Kc7 Rc5+ 70. Kb7 Be4+ 71. Kb8 Rb5+ 72. Kc8 Bf5+ 73. Kc7 Rc5+ 74. Kb7 Be4+ 75. Kb8 Rb5+ 76. Kc8 Rh5) 69. a8=Q+ $18 Ke2 {[%mdl 32768] Accuracy: White = 44%, Black = 50%. . Sensor Board Error (Ke4/e5)?} 0-1

[Event "401 Stay Safe Play From Home series"]
[Site "Emanuel Lasker Arena"]
[Date "2020.08.21"]
[Round "8"]
[White "Hickey"]
[Black "Lamborghini"]
[Result "1-0"]
[WhiteElo "2262"]
[BlackElo "2263"]
[Annotator "TA"]
[PlyCount "97"]
[EventDate "2020.08.21"]
[EventType "swiss (blitz)"]

{[%evp 13,97,23,20,6,31,25,26,24,20,10,20,6,41,31,8,25,50,56,56,37,89,63,72,51,69,76,66,-45,414,420,434,431,433,426,549,497,606,569,520,425,441,410,410,397,464,437,502,475,491,485,560,461,633,618,639,625,1466,1452,1443,1239,29983,1429,29990,29991,29992,29991,29995,29995,29996,29990,29996,29989,29994,29981,5443,770,759,727,570,483,464,341,29977,488,29980,-179]} 1. Nf3 Nf6 2. b3 g6 3. Bb2 Bg7 4. g3 O-O 5. Bg2 d5 6. O-O c6 7. c4 a5 {7...a5 is setting a new trend. Played by Maxime Vachier Lagrave in July 2020.} 8. a3 {A11: English Opening: 1...c6.} a4 {[#]} 9. d3 $146 ({Predecessor:} 9. cxd5 Nxd5 10. Bxg7 Kxg7 11. b4 Bg4 12. Ne5 Be6 13. d4 Nb6 14. Nc3 f6 15. Nf3 Bb3 {1-0 (108) Markowski,T (2629)-Strzemiecki,Z (2333) Warsaw 2010}) 9... axb3 10. Qxb3 {White has an edge.} Na6 {[%cal Bb8a6,Ba6c5,Bc5a4][%mdl 32]} 11. Nbd2 Nc5 12. Qc2 dxc4 (12... Na4 $5 {[%cal Ra4b2]}) 13. Nxc4 Na4 14. Be5 Be6 15. Rab1 b5 16. Ne3 $36 {[%mdl 2048] Strongly threatening Nd4. Black is under pressure.} Rc8 (16... Nd5 $14) 17. Rfc1 Nd5 {[#]} 18. Bxg7 $1 Nxe3 19. fxe3 Kxg7 20. Nd2 (20. Nd4 $14) 20... c5 $2 {[%mdl 8192] This move loses the game for Black.} (20... Qd6 $15 {stays ahead.}) 21. Rxb5 $18 Bd7 22. Qxa4 Bxb5 23. Qxb5 Qd6 24. Nc4 Qe6 25. Qb2+ f6 26. Qc3 Rb8 27. h3 Rfc8 28. Kh2 h5 29. a4 {[%cal Ba3a4,Ba4a5][%mdl 32]} h4 30. g4 Qa6 31. a5 Qa7 32. Qe1 Qc7+ 33. Kg1 g5 34. Qf2 Rb2 35. Nxb2 Qxa5 36. Nc4 Qa2 37. Rf1 (37. Qf5 $142 e6 38. Qxe6 Rf8 39. Be4 Rf7 40. Qe8 Qa6 41. Bd5 Qa7 42. Nd6) 37... Rd8 38. Qf5 Qa6 39. Be4 Rh8 40. Qg6+ Kf8 41. Rf5 Qd6 42. Kf2 Qe6 43. Ke1 Qf7 44. Rxf6 Qxf6 45. Qxf6+ exf6 46. Bf5 Kg7 47. Nd6 Re8 $2 {[#]} (47... Ra8 $18 48. Kf2 Ra1) 48. Ne4 (48. Nxe8+ $142 Kg8 49. Nxf6+ Kf7 50. Nd5 Kg7 51. e4 Kg8 52. Bd7 Kg7 53. e5) 48... Rxe4 (48... Re5 $18 49. Kd1 Rd5) 49. Kf2 $4 {[%mdl 40960] Accuracy: White = 60%, Black = 38%. . Sensor Board Error (Ke4/e5)?} (49. Bxe4 {mates} Kf7 50. Kd2 Ke6 51. Kc3 Ke7 52. Kc4 Kd6 53. Kb5 f5 54. gxf5) 1-0

[Event "401 Stay Safe Play From Home series"]
[Site "Emanuel Lasker Arena"]
[Date "2020.08.21"]
[Round "8"]
[White "Schachwerk_64"]
[Black "Lazieri3"]
[Result "0-1"]
[WhiteElo "1901"]
[BlackElo "1957"]
[Annotator "NA RC"]
[PlyCount "72"]
[EventDate "2020.08.21"]
[EventType "swiss (blitz)"]

1. g3 {[%emt 0:00:03]} c6 {[%emt 0:00:00]} 2. Bg2 {[%emt 0:00:01]} d5 {[%emt 0:00:00]} 3. d3 {[%emt 0:00:01]} Nf6 {[%emt 0:00:00]} 4. Nd2 {[%emt 0:00:00]} Bf5 {[%emt 0:00:00]} 5. c4 {[%emt 0:00:00]} dxc4 {[%emt 0:00:01]} 6. Nxc4 {[%emt 0:00:01]} g6 {[%emt 0:00:01]} 7. Ne3 {[%emt 0:00:00]} Be6 {[%emt 0:00:01]} 8. Nf3 {[%emt 0:00:01]} Bg7 {[%emt 0:00:01]} 9. Ng5 {[%emt 0:00:00]} Bd7 {[%emt 0:00:01]} 10. Ne4 {[%emt 0:00:01]} Nxe4 {[%emt 0:00:01]} 11. Bxe4 {[%emt 0:00:00]} Na6 {[%emt 0:00:01]} 12. Bg2 {[%emt 0:00:01]} Nc5 {[%emt 0:00:01]} 13. Qc2 {[%emt 0:00:01]} Ne6 {[%emt 0:00:01]} 14. Rb1 {[%emt 0:00:01]} O-O {[%emt 0:00:01]} 15. b4 {[%emt 0:00:01]} Nd4 {[%emt 0:00:01]} 16. Qd2 {[%emt 0:00:01]} a5 {[%emt 0:00:01]} 17. b5 {[%emt 0:00:02]} Nxb5 {[%emt 0:00:02]} 18. Bb2 {[%emt 0:00:01]} Nd4 {[%emt 0:00:02]} 19. O-O {[%emt 0:00:02]} Be6 {[%emt 0:00:02]} 20. Qc3 {[%emt 0:00:01]} Nf5 {[%emt 0:00:02]} 21. Qd2 {[%emt 0:00:01]} Nxe3 {[%emt 0:00:01]} 22. Qxe3 {[%emt 0:00:02]} Bxb2 {[%emt 0:00:02]} 23. Rxb2 {[%emt 0:00:01]} Bd5 {[%emt 0:00:00]} 24. Rxb7 {[%emt 0:00:02]} Bxg2 {[%emt 0:00:01]} 25. Kxg2 {[%emt 0:00:00]} e6 {[%emt 0:00:03]} 26. Rfb1 {[%emt 0:00:02]} Qd5+ {[%emt 0:00:01]} 27. f3 {[%emt 0:00:03]} Qxa2 {[%emt 0:00:02]} 28. R1b2 {[%emt 0:00:01]} Qd5 {[%emt 0:00:01]} 29. Rc7 {[%emt 0:00:01]} a4 {[%emt 0:00:02]} 30. Rbb7 {[%emt 0:00:01]} a3 {[%emt 0:00:02]} 31. Qf4 {[%emt 0:00:01]} Qf5 {[%emt 0:00:01]} 32. Qxf5 {[%emt 0:00:06]} gxf5 {[%emt 0:00:00]} 33. Ra7 {[%emt 0:00:02]} a2 {[%emt 0:00:02]} 34. Rxf7 {[%emt 0:00:00]} a1=Q {[%emt 0:00:03]} 35. Rg7+ {[%emt 0:00:01]} Qxg7 {[%emt 0:00:01]} 36. Rxg7+ {[%emt 0:00:01]} Kxg7 {[%emt 0:00:00] Schachwerk_64 gibt auf Schachwerk_64 gibt auf Schachwerk_64 gibt auf (Lag: Av=0.54s, max=1.0s) (Lag: Av=0.54s, max=1.0s) (Lag: Av=0.54s, max=1.0s)} 0-1

[Event "401 Stay Safe Play From Home series"]
[Site "Emanuel Lasker Arena"]
[Date "2020.08.21"]
[Round "8"]
[White "Buzaglo"]
[Black "Ao017545"]
[Result "1-0"]
[WhiteElo "1859"]
[BlackElo "1629"]
[Annotator "NA RC"]
[PlyCount "93"]
[EventDate "2020.08.21"]
[EventType "swiss (blitz)"]

1. d4 {[%emt 0:00:01]} e6 {[%emt 0:00:01]} 2. Nf3 {[%emt 0:00:00]} Nf6 {[%emt 0:00:02]} 3. g3 {[%emt 0:00:00]} Bb4+ {[%emt 0:00:01]} 4. c3 {[%emt 0:00:01]} Ba5 {[%emt 0:00:00]} 5. Bg2 {[%emt 0:00:00]} Bb6 {[%emt 0:00:00]} 6. O-O {[%emt 0:00:00]} c5 {[%emt 0:00:01]} 7. dxc5 {[%emt 0:00:01]} Bxc5 {[%emt 0:00:01]} 8. Nbd2 {[%emt 0:00:00]} Bb6 {[%emt 0:00:02]} 9. a4 {[%emt 0:00:02]} Nc6 {[%emt 0:00:00]} 10. a5 {[%emt 0:00:00]} Bc7 {[%emt 0:00:00]} 11. b4 {[%emt 0:00:02]} d5 {[%emt 0:00:00]} 12. Nd4 {[%emt 0:00:02]} Nxd4 {[%emt 0:00:04]} 13. cxd4 {[%emt 0:00:00]} a6 {[%emt 0:00:01]} 14. Bb2 {[%emt 0:00:01]} Qd6 {[%emt 0:00:01]} 15. e4 {[%emt 0:00:01]} Qxb4 {[%emt 0:00:01]} 16. Rb1 {[%emt 0:00:02]} Qxa5 {[%emt 0:00:05]} 17. exd5 {[%emt 0:00:01]} Nxd5 {[%emt 0:00:03]} 18. Ne4 {[%emt 0:00:01]} Bd8 {[%emt 0:00:04]} 19. Nc5 {[%emt 0:00:01]} Qc7 {[%emt 0:00:03]} 20. Ba3 {[%emt 0:00:01]} O-O {[%emt 0:00:01]} 21. Rc1 {[%emt 0:00:01]} Qa5 {[%emt 0:00:05]} 22. Qf3 {[%emt 0:00:04]} b6 {[%emt 0:00:03]} 23. Nxe6 {[%emt 0:00:06]} Bxe6 {[%emt 0:00:03]} 24. Bxf8 {[%emt 0:00:01]} Kxf8 {[%emt 0:00:02]} 25. Qh5 {[%emt 0:00:01]} Nf6 {[%emt 0:00:03]} 26. Qxa5 {[%emt 0:00:02]} bxa5 {[%emt 0:00:02]} 27. d5 {[%emt 0:00:00]} Nxd5 {[%emt 0:00:02]} 28. Ra1 {[%emt 0:00:00]} Rb8 {[%emt 0:00:02]} 29. Rfd1 {[%emt 0:00:02]} Nc3 {[%emt 0:00:01]} 30. Rf1 {[%emt 0:00:03]} Ne2+ {[%emt 0:00:00]} 31. Kh1 {[%emt 0:00:00]} Nc3 {[%emt 0:00:01]} 32. h4 {[%emt 0:00:00]} Nd5 {[%emt 0:00:00]} 33. Kh2 {[%emt 0:00:00]} Nf6 {[%emt 0:00:00]} 34. Bh3 {[%emt 0:00:01]} Ng4+ {[%emt 0:00:00]} 35. Bxg4 {[%emt 0:00:01]} Bxg4 {[%emt 0:00:00]} 36. Kg2 {[%emt 0:00:00]} Be6 {[%emt 0:00:00]} 37. Rfd1 {[%emt 0:00:01]} Bd5+ {[%emt 0:00:00]} 38. Rxd5 {[%emt 0:00:01]} Bf6 {[%emt 0:00:01]} 39. Raxa5 {[%emt 0:00:02]} Bc3 {[%emt 0:00:00]} 40. Rac5 {[%emt 0:00:01]} Bf6 {[%emt 0:00:00]} 41. Rd7 {[%emt 0:00:02]} Bd8 {[%emt 0:00:00]} 42. Rcc7 {[%emt 0:00:01]} Be7 {[%emt 0:00:00]} 43. Rxe7 {[%emt 0:00:01]} Kg8 {[%emt 0:00:00]} 44. Rxf7 {[%emt 0:00:00]} a5 {[%emt 0:00:02]} 45. Rxg7+ {[%emt 0:00:00]} Kf8 {[%emt 0:00:01]} 46. Rxh7 {[%emt 0:00:00]} Ke8 {[%emt 0:00:00]} 47. Rh8# {[%emt 0:00:00] (Lag: Av=0.85s, max=1.6s) (Lag: Av=0.85s, max=1.6s) (Lag: Av=0.85s, max=1.6s)} 1-0

[Event "401 Stay Safe Play From Home series"]
[Site "Emanuel Lasker Arena"]
[Date "2020.08.21"]
[Round "8"]
[White "Trotsky"]
[Black "NTBT_DHS"]
[Result "0-1"]
[WhiteElo "1612"]
[BlackElo "2496"]
[Annotator "TA"]
[PlyCount "36"]
[EventDate "2020.08.21"]
[EventType "swiss (blitz)"]

{[%evp 9,36,-15,0,-16,-19,-50,-35,-58,9,-247,-245,-288,-297,-509,-220,-363,-319,-474,-440,-438,-438,-831,-891,-1485,-1506,-2628,-2566,-2426,-2123]} 1. d4 g6 2. e3 Bg7 3. c4 Nf6 4. Nc3 O-O 5. Qc2 d6 6. Bd3 {E61: King's Indian: Early deviations for White, including Smyslov System.} c5 7. Nf3 Nc6 8. a3 {Black is slightly better.} Bg4 {[#]} (8... cxd4 $1 $15 9. Nxd4 Nd7) 9. Ng5 $146 {[%mdl 8192] White does not recover from this.} (9. d5 $11 {and White has nothing to worry.} Bxf3 10. gxf3) ({Predecessor:} 9. Be2 Bxf3 10. Bxf3 cxd4 11. Bxc6 dxc3 12. Bxb7 cxb2 13. Bxb2 Rb8 14. Bf3 Rxb2 15. Qxb2 {1-0 (52) Hemmingsen,J-Hansen,S Tromsoe 1996}) 9... cxd4 $19 10. Nce4 Nxe4 11. Bxe4 $2 (11. Nxe4 Rc8 12. O-O) 11... Rc8 (11... Qa5+ $142 12. Bd2 Qxg5) 12. h4 (12. O-O $142) 12... Ne5 13. h5 {[#]} (13. exd4 $142 Rxc4 14. Qd2) 13... d5 $1 {[%mdl 512] Black is clearly winning.} 14. hxg6 (14. cxd5 Rxc2) 14... hxg6 15. Bxg6 (15. exd4 $142 Nxc4 16. Bd3) 15... fxg6 16. Rh7 Rxc4 17. Qb1 {[#]} Rxc1+ $1 {[%mdl 64] Deflection, Decoy} 18. Qxc1 Nd3+ {[%mdl 64] Double Attack. Accuracy: White = 18%, Black = 51%.} 0-1

[Event "401 Stay Safe Play From Home series"]
[Site "Emanuel Lasker Arena"]
[Date "2020.08.21"]
[Round "8"]
[White "Aerocot"]
[Black "Klasman"]
[Result "1-0"]
[WhiteElo "1345"]
[BlackElo "1329"]
[Annotator "NA RC"]
[PlyCount "35"]
[EventDate "2020.08.21"]
[EventType "swiss (blitz)"]

1. d4 {[%emt 0:00:01]} f5 {[%emt 0:00:01]} 2. c4 {[%emt 0:00:01]} Nf6 {[%emt 0:00:01]} 3. Nc3 {[%emt 0:00:00]} e6 {[%emt 0:00:01]} 4. Nf3 {[%emt 0:00:00]} d5 {[%emt 0:00:01]} 5. g3 {[%emt 0:00:00]} Bb4 {[%emt 0:00:01]} 6. Bg2 {[%emt 0:00:00]} Ne4 {[%emt 0:00:01]} 7. Qc2 {[%emt 0:00:02]} c5 {[%emt 0:00:01]} 8. O-O {[%emt 0:00:04]} Nc6 {[%emt 0:00:02]} 9. cxd5 {[%emt 0:00:02]} Nxd4 {[%emt 0:00:05]} 10. Nxd4 {[%emt 0:00:02]} cxd4 {[%emt 0:00:01]} 11. Nxe4 {[%emt 0:00:03]} fxe4 {[%emt 0:00:04]} 12. dxe6 {[%emt 0:00:01]} d3 {[%emt 0:00:06]} 13. Qa4+ {[%emt 0:00:01]} b5 {[%emt 0:00:11]} 14. Qxb5+ {[%emt 0:00:03]} Kf8 {[%emt 0:00:11]} 15. Qxb4+ {[%emt 0:00:01]} Qe7 {[%emt 0:00:03]} 16. Qxe4 {[%emt 0:00:03]} dxe2 {[%emt 0:00:06]} 17. Qxe2 {[%emt 0:00:03]} Rb8 {[%emt 0:00:03]} 18. b3 {[%emt 0:00:04] Time Time Time} 1-0